000
00336nam a2200157Ia 4500
005
20250423101745.0
008
250422s9999 xx 000 0 und d
020
_a
1-86100695-0
050
_a
QA 76.7 .X684/
245
0
_a
Xquery
260
_a
Birmingham
260
_b
Wrox Press
260
_c
2002
300
_a
238 p
942
_c
BK
999
_c
37190
_d
37190